| 000 | 00565nam a2200193 i 4500 | ||
|---|---|---|---|
| 001 | 69581 | ||
| 003 | ES-MaACL | ||
| 005 | 20230906170543.0 | ||
| 007 | t| | ||
| 008 | 040707s1979 sp ||||1| spa d | ||
| 100 | 1 |
_aGarcía Escudero, José María. _954570 |
|
| 245 | 1 | 3 |
_aLa crisis del civismo / _cJosé Mª García Escudero. |
| 260 |
_a[Madrid : _bEditorial Católica, _c1979] |
||
| 300 |
_a31 p. ; _c19 cm. |
||
| 490 | 1 |
_aCuadernos BAC ; _v26 |
|
| 830 | 0 |
_aCuadernos BAC ; _v26 _9182568 |
|
| 852 |
_aES-MaACL _j2108-F-20 _bR.99706 |
||
| 999 |
_c69581 _d69581 |
||